| 000 -LEADER |
| fixed length control field |
00255nam a22001217a 4500 |
| 008 - FIXED-LENGTH DATA ELEMENTS--GENERAL INFORMATION |
| fixed length control field |
170227b xxu||||| |||| 00| 0 alb d |
| 041 ## - LANGUAGE CODE |
| Language code of text/sound track or separate title |
alb |
| 080 ## - UNIVERSAL DECIMAL CLASSIFICATION NUMBER |
| Universal Decimal Classification number |
577 |
| 100 ## - Rafti |
| Rafti |
5 |
| 101 ## - Shkurtesa |
| Shkurtesa |
SHMB |
| 245 ## - TITLE STATEMENT |
| Title |
BIOKIMIA MJEKESORE |
| Statement of responsibility, etc |
MINGA, GJ |
| 942 ## - ADDED ENTRY ELEMENTS (KOHA) |
| Source of classification or shelving scheme |
|
| Item type |
Books |